[Event "SK Schwandorf 1-SF Augsburg 1"]
[Site "?"]
[Date "2024.02.25"]
[Round "6.7"]
[White "Abdic, Adnan"]
[Black "Stoeckl, Stephan"]
[Result "1-0"]
[WhiteElo "2160"]
[BlackElo "2028"]
[PlyCount "79"]
[EventDate "2024.??.??"]
[WhiteTeam "SF Augsburg 1"]
[BlackTeam "SK Schwandorf 1"]

1. e4 c5 2. Nf3 e6 3. Nc3 Nc6 4. d4 cxd4 5. Nxd4 Nf6 6. Nxc6 bxc6 7. Bd3 d5 8. Qe2 Be7 9. O-O O-O 10. Re1 Re8 11. e5 Nd7 12. Na4 Qa5 13. b3 Nxe5 14. Bd2 Qd8 15. Qxe5 Bf6 16. Qe3 Bxa1 17. Rxa1 e5 18. Qc5 Qf6 19. Re1 Bf5 20. f3 Bxd3 21. cxd3 Qf5 22. Qe3 f6 23. Rc1 Qd7 24. Nc5 Qc7 25. Rc2 Rac8 26. b4 Qf7 27. Nb3 d4 28. Qe2 f5 29. Rc5 Qf6 30. Qf2 Qe6 31. h4 Qg6 32. f4 e4 33. dxe4 Rxe4 34. Nxd4 Qg4 35. Re5 Rxe5 36. fxe5 g6 37. Nf3 Qe4 38. Qxa7 Rd8 39. Bh6 Rd1+ 40. Kh2 1-0

[Event "SK Schwandorf 1-SF Augsburg 1"]
[Site "?"]
[Date "2024.02.25"]
[Round "6.8"]
[White "Paar, Johannes"]
[Black "Rempel, Alexander"]
[Result "1/2-1/2"]
[WhiteElo "1947"]
[BlackElo "1715"]
[PlyCount "125"]
[EventDate "2024.??.??"]
[WhiteTeam "SK Schwandorf 1"]
[BlackTeam "SF Augsburg 1"]

1. d4 Nf6 2. c4 e6 3. Nf3 d5 4. Nc3 Be7 5. Bg5 O-O 6. e3 a6 7. cxd5 exd5 8. Qc2 Re8 9. Bd3 Nbd7 10. O-O Nf8 11. b4 Bg4 12. Ne5 Bh5 13. Rab1 Bg6 14. a4 Bxd3 15. Nxd3 b6 16. b5 a5 17. Ne5 Qc8 18. Nc6 Qe6 19. Nxe7+ Rxe7 20. Bxf6 gxf6 21. Ne2 Ng6 22. Ng3 Rd8 23. Rbc1 Red7 24. Qd3 Ne7 25. Rc3 Kh8 26. Rfc1 Rc8 27. Qc2 Kg7 28. Qd1 Kh8 29. Nh5 h6 30. Qf3 f5 31. Nf4 Qd6 32. Qh5 Qf6 33. Nd3 c6 34. Ne5 Rdc7 35. Nxf7+ Kg7 36. Ne5 c5 37. Nd3 c4 38. Nf4 Rd7 39. Qh3 Qd6 40. Nh5+ Kh7 41. e4 dxe4 42. d5 Qe5 43. Qh4 Nxd5 44. Rh3 c3 45. g3 Qe7 46. Qxe7+ Rxe7 47. Nf4 Nxf4 48. gxf4 c2 49. Re3 Rd7 50. Ree1 Rd4 51. Kf1 Rxa4 52. Re2 Rac4 53. Rd2 R8c7 54. Ke2 R4c5 55. Ke3 Rxb5 56. Rdxc2 Rbc5 57. Rxc5 Rxc5 58. Rb1 Rc6 59. Kd4 Kg6 60. Kd5 Rf6 61. Ke5 a4 62. Rb4 a3 63. Ra4 1/2-1/2

[Event "TSV Trostberg 1-SK Weilheim 1"]
[Site "?"]
[Date "2024.03.17"]
[Round "7.1"]
[White "Guttenthaler, Franz"]
[Black "Bauer, Sebastian"]
[Result "1/2-1/2"]
[WhiteElo "2300"]
[BlackElo "2288"]
[PlyCount "38"]
[EventDate "2024.??.??"]
[WhiteTeam "SK Weilheim 1"]
[BlackTeam "TSV Trostberg 1"]

1. d4 Nf6 2. c4 g6 3. Nc3 Bg7 4. e4 d6 5. Be2 O-O 6. Be3 e5 7. d5 Na6 8. h4 Nc5 9. Qc2 a5 10. h5 c6 11. O-O-O cxd5 12. cxd5 Bd7 13. hxg6 fxg6 14. Bxc5 dxc5 15. Bb5 c4 16. a4 Qb6 17. f3 Rfc8 18. Kb1 Bf8 19. Nge2 Bd6 1/2-1/2

[Event "TSV Trostberg 1-SK Weilheim 1"]
[Site "?"]
[Date "2024.03.17"]
[Round "7.2"]
[White "Windhager, Hannes"]
[Black "Deglmann, Ludwig"]
[Result "1/2-1/2"]
[WhiteElo "2239"]
[BlackElo "2208"]
[PlyCount "57"]
[EventDate "2024.??.??"]
[WhiteTeam "TSV Trostberg 1"]
[BlackTeam "SK Weilheim 1"]

1. e4 c5 2. Nf3 Nc6 3. Bb5 g6 4. O-O Bg7 5. c3 Nf6 6. Re1 O-O 7. d4 cxd4 8. cxd4 d5 9. e5 Ne4 10. Bxc6 bxc6 11. Be3 Qa5 12. Nbd2 Nxd2 13. Nxd2 Rb8 14. Nb3 Qa4 15. Qd2 Bf5 16. Nc5 Qb4 17. b3 f6 18. e6 Qxd2 19. Bxd2 Rfc8 20. Rac1 g5 21. h3 h5 22. b4 Kh7 23. Re3 Rb6 24. a4 g4 25. hxg4 hxg4 26. Nd7 Rb7 27. Nc5 Rb6 28. Nd7 Rb7 29. Nc5 1/2-1/2

[Event "TSV Trostberg 1-SK Weilheim 1"]
[Site "?"]
[Date "2024.03.17"]
[Round "7.3"]
[White "Fuchs, Georg"]
[Black "Hinterreiter, Markus"]
[Result "0-1"]
[WhiteElo "2108"]
[BlackElo "2298"]
[PlyCount "56"]
[EventDate "2024.??.??"]
[WhiteTeam "SK Weilheim 1"]
[BlackTeam "TSV Trostberg 1"]

1. e4 c5 2. Nf3 d6 3. d4 cxd4 4. Nxd4 Nf6 5. Nc3 a6 6. Be2 e5 7. Nb3 Be7 8. O-O O-O 9. f4 Nbd7 10. a4 b6 11. Nd5 Bb7 12. Qd3 Re8 13. Be3 Nxd5 14. exd5 Nf6 15. c4 b5 16. axb5 axb5 17. cxb5 Nxd5 18. Bd2 Qb6+ 19. Kh1 Nxf4 20. Bxf4 Rxa1 21. Nxa1 exf4 22. Rxf4 Bf6 23. Nc2 Bxb2 24. Nd4 Bxd4 25. Rxd4 g6 26. Rf4 Qc5 27. h4 Re3 28. Qc4 Rh3# 0-1

[Event "TSV Trostberg 1-SK Weilheim 1"]
[Site "?"]
[Date "2024.03.17"]
[Round "7.5"]
[White "de Francesco, Klaus"]
[Black "Kobl, Rudolf"]
[Result "1-0"]
[WhiteElo "2126"]
[BlackElo "2084"]
[PlyCount "147"]
[EventDate "2024.??.??"]
[WhiteTeam "SK Weilheim 1"]
[BlackTeam "TSV Trostberg 1"]

1. d4 d5 2. c4 e6 3. Nf3 Nf6 4. e3 c5 5. a3 dxc4 6. Bxc4 a6 7. O-O b5 8. Ba2 Bb7 9. Qe2 Nbd7 10. Rd1 Qc7 11. Nbd2 Rc8 12. Nf1 Bd6 13. dxc5 Nxc5 14. b4 Nce4 15. Bb2 O-O 16. Rac1 Qb8 17. Nd4 Nd5 18. Qg4 f5 19. Nxf5 Be5 20. Rxc8 Bxc8 21. Nh6+ Kh8 22. Qxe4 Bxb2 23. Bxd5 exd5 24. Qe7 Bb7 25. Nf7+ Kg8 26. Nd6 Bc8 27. Nxc8 Qxc8 28. Rxd5 Bxa3 29. Rd7 Bb2 30. h4 Bf6 31. Qe6+ Kh8 32. h5 h6 33. Nd2 Re8 34. Qf7 Re5 35. Rd6 Qg4 36. Nf3 Rxh5 37. e4 Qf4 38. Rc6 Qg4 39. Re6 Rh3 40. Rxf6 gxf6 41. Qxf6+ Kg8 42. Qd8+ Kh7 43. Qe7+ Kg8 44. Qe8+ Kh7 45. Qf7+ Kh8 46. e5 Rh5 47. Qe8+ Kg7 48. e6 Qg6 49. Qd7+ Kg8 50. Qc8+ Kg7 51. Qc3+ Qf6 52. Qc7+ Kg6 53. Qc2+ Kg7 54. Qa2 Qc3 55. Qb1 Kf6 56. Qd1 Kg6 57. g4 Rh3 58. Kg2 Rxf3 59. Qxf3 Qc7 60. Qf5+ Kg7 61. g5 Qc6+ 62. f3 hxg5 63. Qf7+ Kh6 64. Qf8+ Kh7 65. Qf5+ Kh6 66. e7 g4 67. Qxg4 Qc2+ 68. Kh3 Qe2 69. Qe4 Qf1+ 70. Kg4 Qg2+ 71. Kf5 Qg6+ 72. Ke5 Qg5+ 73. Ke6 Qg8+ 74. Kd7 1-0

[Event "TSV Trostberg 1-SK Weilheim 1"]
[Site "?"]
[Date "2024.03.17"]
[Round "7.6"]
[White "Huch, Reiner"]
[Black "Gruber, Michael"]
[Result "1-0"]
[WhiteElo "2206"]
[BlackElo "2108"]
[PlyCount "71"]
[EventDate "2024.??.??"]
[WhiteTeam "TSV Trostberg 1"]
[BlackTeam "SK Weilheim 1"]

1. d4 f5 2. Nc3 Nf6 3. Bg5 d5 4. f3 g6 5. Qd2 Bg7 6. Bh6 O-O 7. Nh3 Be6 8. Bxg7 Kxg7 9. Nf4 Bf7 10. h4 c5 11. e3 h6 12. dxc5 e5 13. Nd3 Qe7 14. O-O-O Nc6 15. Nb5 Rfd8 16. Nd6 Be6 17. f4 Ne4 18. Qe1 Nxd6 19. cxd6 Qxd6 20. fxe5 Nxe5 21. Qc3 Kf6 22. Be2 Rac8 23. Qd4 Rc6 24. Rhf1 h5 25. Kb1 Bf7 26. Nf4 Qc5 27. c3 Qxd4 28. exd4 Nc4 29. Bxc4 dxc4 30. Rde1 Bd5 31. Kc1 Rc7 32. Re5 Rcd7 33. Rfe1 a6 34. Nxd5+ Rxd5 35. Re6+ Kg7 36. Re7+ 1-0

[Event "TSV Trostberg 1-SK Weilheim 1"]
[Site "?"]
[Date "2024.03.17"]
[Round "7.8"]
[White "Mostbauer, Maximilian"]
[Black "Limmer, Marco"]
[Result "1-0"]
[WhiteElo "2135"]
[BlackElo "1887"]
[PlyCount "77"]
[EventDate "2024.??.??"]
[WhiteTeam "TSV Trostberg 1"]
[BlackTeam "SK Weilheim 1"]

1. d4 Nf6 2. Nf3 e6 3. g3 d5 4. Bg2 Be7 5. O-O O-O 6. b3 c6 7. Bb2 Nbd7 8. Nbd2 b6 9. c4 Bb7 10. Ne5 Qc7 11. Rc1 Rad8 12. Nxd7 Rxd7 13. e3 Rc8 14. Qe2 c5 15. cxd5 exd5 16. Bh3 Rdd8 17. Bxc8 Qxc8 18. Rfd1 Qe6 19. dxc5 bxc5 20. Bxf6 Qxf6 21. e4 dxe4 22. Nxe4 Rxd1+ 23. Rxd1 Qe5 24. Nf6+ gxf6 25. Qxe5 fxe5 26. Rd7 Kf8 27. Rxb7 a5 28. Rb8+ Kg7 29. Ra8 c4 30. bxc4 Bb4 31. a3 Bxa3 32. Rxa5 Bb2 33. Ra6 Bd4 34. g4 f6 35. Kg2 Kf7 36. Kf3 Ke7 37. Ke2 e4 38. Ra5 Be5 39. Rxe5+ 1-0

[Event "SG PS Regensburg 1-SC Groebenzell 1"]
[Site "?"]
[Date "2024.03.17"]
[Round "7.1"]
[White "Schuster, Karsten"]
[Black "Schmid, Roland"]
[Result "1-0"]
[WhiteElo "2305"]
[BlackElo "2209"]
[PlyCount "97"]
[EventDate "2024.??.??"]
[WhiteTeam "SC Gröbenzell 1"]
[BlackTeam "SG PS Regensburg 1"]

1. d4 Nf6 2. c4 e6 3. Nf3 d5 4. cxd5 exd5 5. Nc3 Be7 6. Bg5 c6 7. Qc2 g6 8. e3 Bf5 9. Bd3 Bxd3 10. Qxd3 Nbd7 11. O-O O-O 12. Rab1 a5 13. a3 Re8 14. Rfc1 Ne4 15. Bf4 g5 16. Bg3 Bf8 17. Ne5 Nb6 18. Nxe4 dxe4 19. Qb3 Re7 20. Rxc6 Ra6 21. Rc5 Re6 22. Rcc1 a4 23. Qb5 Qd5 24. Qxd5 Nxd5 25. Rc8 Kg7 26. Nd7 Be7 27. Rbc1 Nb6 28. R8c7 Nd5 29. Rxb7 Rec6 30. Rxc6 Rxc6 31. h3 h5 32. Be5+ f6 33. Bb8 Rc1+ 34. Kh2 Kf7 35. Nc5 f5 36. Bd6 Rc2 37. Kg1 Rc1+ 38. Kh2 Rc2 39. Nxa4 Rxf2 40. Bxe7 Nxe7 41. Nc3 Ke8 42. a4 Ng6 43. Kg1 Rc2 44. Rg7 Nh4 45. Rxg5 Rxb2 46. a5 Kd7 47. a6 Kc7 48. Nd5+ Kb8 49. Nf4 1-0

[Event "SG PS Regensburg 1-SC Groebenzell 1"]
[Site "?"]
[Date "2024.03.17"]
[Round "7.2"]
[White "Loos, Roland"]
[Black "Hoy, Bernd"]
[Result "1-0"]
[WhiteElo "2234"]
[BlackElo "2187"]
[PlyCount "101"]
[EventDate "2024.??.??"]
[WhiteTeam "SG PS Regensburg 1"]
[BlackTeam "SC Gröbenzell 1"]

1. e4 e5 2. Nf3 Nc6 3. Bb5 Nd4 4. Nxd4 exd4 5. O-O h5 6. d3 Bc5 7. Nd2 c6 8. Bc4 d5 9. exd5 cxd5 10. Bb3 Ne7 11. Nf3 Qd6 12. Re1 Bg4 13. h3 Bf5 14. Ng5 f6 15. Qf3 Qd7 16. Ba4 Qxa4 17. Qxf5 fxg5 18. Bxg5 Qd7 19. Qg6+ Kf8 20. Bxe7+ Bxe7 21. Re6 Rh6 22. Qf5+ Kg8 23. Rae1 Rxe6 24. Rxe6 Rf8 25. Qg6 Rf6 26. Rxf6 Bxf6 27. Qxh5 Qe6 28. g3 Kf8 29. Kg2 Ke7 30. h4 Kd6 31. Qh8 Kc6 32. h5 Be5 33. Qf8 a6 34. a4 Qd6 35. Qe8+ Kb6 36. f4 Bf6 37. Kf3 Qb4 38. h6 gxh6 39. Qe6+ Ka5 40. Qxf6 Qxb2 41. f5 Qxc2 42. Qxd4 Qd1+ 43. Kf4 Qf1+ 44. Ke5 Qe1+ 45. Kxd5 Qxg3 46. f6 Qg8+ 47. Kd6 Qd8+ 48. Ke5 Qe8+ 49. Kf4 b5 50. axb5 axb5 51. Qa7+ 1-0

[Event "SG PS Regensburg 1-SC Groebenzell 1"]
[Site "?"]
[Date "2024.03.17"]
[Round "7.3"]
[White "Grawe, Christian"]
[Black "Pohl-Kuemmel, Jens-Uwe"]
[Result "1-0"]
[WhiteElo "2197"]
[BlackElo "2222"]
[PlyCount "113"]
[EventDate "2024.??.??"]
[WhiteTeam "SC Gröbenzell 1"]
[BlackTeam "SG PS Regensburg 1"]

1. e4 c5 2. c3 Nf6 3. e5 Nd5 4. Nf3 e6 5. Bc4 Nb6 6. Bb3 Nc6 7. d4 cxd4 8. cxd4 d6 9. Qe2 dxe5 10. dxe5 Bb4+ 11. Nc3 Nd5 12. Bd2 Nxc3 13. bxc3 Be7 14. O-O O-O 15. Qe4 Qc7 16. Bc2 g6 17. Bh6 Rd8 18. Rfe1 b6 19. Qf4 f6 20. h4 f5 21. h5 Bc5 22. Qg3 Qf7 23. Nh4 Bb7 24. Nxf5 Bxf2+ 25. Kxf2 Ne7 26. Kg1 Nxf5 27. Bxf5 Qxf5 28. Rf1 Qxh5 29. Qf4 Qf5 30. Qh2 Qg4 31. Rae1 Qh5 32. Qf4 g5 33. Qf6 Qg6 34. Bxg5 Qxf6 35. Rxf6 Rf8 36. Rxe6 Rae8 37. Rxe8 Rxe8 38. e6 Bd5 39. e7 Bxa2 40. Ra1 Bc4 41. Rxa7 Kf7 42. Rd7 b5 43. Rd8 Be6 44. Kf2 Bc4 45. Kf3 h5 46. Kf4 Be6 47. Ke5 Bc4 48. g3 Be2 49. Rd2 Bc4 50. Rf2+ Kg8 51. Kd6 Bf7 52. Rf5 Rc8 53. Bf6 Be8 54. Bd4 Kh7 55. Rf8 Kg6 56. Rg8+ Kf5 57. Rxe8 1-0

[Event "SG PS Regensburg 1-SC Groebenzell 1"]
[Site "?"]
[Date "2024.03.17"]
[Round "7.4"]
[White "Quast, Michael"]
[Black "Pieper, Thomas"]
[Result "1-0"]
[WhiteElo "2211"]
[BlackElo "2156"]
[PlyCount "115"]
[EventDate "2024.??.??"]
[WhiteTeam "SG PS Regensburg 1"]
[BlackTeam "SC Gröbenzell 1"]

1. d4 Nf6 2. Nf3 g6 3. Bf4 Bg7 4. h3 O-O 5. e3 d6 6. c3 Nbd7 7. Be2 b6 8. O-O Bb7 9. a4 a6 10. Nbd2 c5 11. Re1 Ra7 12. Bf1 Qa8 13. c4 Ne4 14. d5 Nxd2 15. Qxd2 b5 16. e4 bxc4 17. a5 Rb8 18. Bxc4 Bc8 19. Ra2 f6 20. b3 Nf8 21. Qc2 Bd7 22. Nd2 Rb4 23. Nb1 Kh8 24. Bd2 Rb8 25. Bc3 g5 26. Nd2 Ng6 27. Nf1 Qb7 28. Ne3 Qc8 29. Bf1 Bb5 30. Rb2 Rab7 31. Kh2 Nh4 32. Reb1 Ng6 33. g3 Qe8 34. Be2 Bxe2 35. Qxe2 Rb5 36. Nc4 Qc8 37. Na3 f5 38. Bxg7+ Kxg7 39. Nxb5 Rxb5 40. b4 f4 41. bxc5 fxg3+ 42. fxg3 Rxc5 43. Ra1 Ne5 44. Raa2 g4 45. Rc2 Nf3+ 46. Kh1 h5 47. Qf2 Rc3 48. Rxc3 Qxc3 49. Qb2 Qe5 50. Qxe5+ Nxe5 51. hxg4 hxg4 52. Kg2 Kf6 53. Kf2 Nc4 54. Ke2 Ne5 55. Ke3 Nd7 56. Rf2+ Kg6 57. Kf4 Ne5 58. Rc2 1-0

[Event "SG PS Regensburg 1-SC Groebenzell 1"]
[Site "?"]
[Date "2024.03.17"]
[Round "7.5"]
[White "Zentgraf, Alexander"]
[Black "Hitzler, Philipp"]
[Result "1/2-1/2"]
[WhiteElo "2106"]
[BlackElo "2229"]
[PlyCount "75"]
[EventDate "2024.??.??"]
[WhiteTeam "SC Gröbenzell 1"]
[BlackTeam "SG PS Regensburg 1"]

1. d4 d5 2. c4 c6 3. Nf3 Nf6 4. e3 Bf5 5. Bd3 Bxd3 6. Qxd3 e6 7. O-O Nbd7 8. Nbd2 Be7 9. b3 O-O 10. Bb2 a5 11. a3 Qb8 12. Bc3 Rd8 13. Qc2 b5 14. c5 Bf8 15. b4 a4 16. Rae1 g6 17. Ne5 Qc7 18. f4 Ne8 19. Re2 f5 20. h3 Nef6 21. g4 Nxe5 22. fxe5 Ne4 23. Nxe4 dxe4 24. gxf5 exf5 25. Qa2+ Qf7 26. Qxf7+ Kxf7 27. Be1 Be7 28. Bg3 Ke6 29. h4 h6 30. Rh2 Rh8 31. Kf2 Rag8 32. Rfh1 Rh7 33. Bf4 Bf8 34. Rg2 Re7 35. Rhg1 Kf7 36. Rd1 Rd7 37. Rdg1 Re7 38. Rd1 1/2-1/2

[Event "SG PS Regensburg 1-SC Groebenzell 1"]
[Site "?"]
[Date "2024.03.17"]
[Round "7.6"]
[White "Wutz, Christoph"]
[Black "Foessmeier, Ulrich Johann"]
[Result "0-1"]
[WhiteElo "2174"]
[BlackElo "2162"]
[PlyCount "86"]
[EventDate "2024.??.??"]
[WhiteTeam "SG PS Regensburg 1"]
[BlackTeam "SC Gröbenzell 1"]

1. e4 e5 2. Nf3 Nf6 3. Nc3 Nc6 4. d4 exd4 5. Nxd4 Bb4 6. Nxc6 bxc6 7. Bd3 O-O 8. O-O d5 9. exd5 cxd5 10. h3 h6 11. Qf3 c6 12. Bf4 Bd6 13. Ne2 Bxf4 14. Qxf4 Qb6 15. b3 Ba6 16. Rfd1 Rfe8 17. Ng3 Bxd3 18. Rxd3 Ne4 19. c4 dxc4 20. Rd7 Nf6 21. Rad1 Nxd7 22. Rxd7 Re1+ 23. Kh2 Rf8 24. Nf5 Qc5 25. Qg4 Qe5+ 26. f4 Qf6 27. bxc4 a5 28. a4 Re4 29. c5 Kh7 30. Rd6 Re6 31. Rd7 g6 32. Nd6 Re7 33. Rxe7 Qxe7 34. Qf3 Qf6 35. Qe4 Rb8 36. f5 gxf5 37. Nxf5 Qe6 38. Qg4 Qe5+ 39. Ng3 Rb3 40. h4 Rb4 41. Qh3 h5 42. Kh1 Rb1+ 43. Kh2 Rb3 0-1

[Event "SG PS Regensburg 1-SC Groebenzell 1"]
[Site "?"]
[Date "2024.03.17"]
[Round "7.7"]
[White "Stocker, Rupert"]
[Black "Werner, Claus"]
[Result "0-1"]
[WhiteElo "1982"]
[BlackElo "2141"]
[PlyCount "110"]
[EventDate "2024.??.??"]
[WhiteTeam "SC Gröbenzell 1"]
[BlackTeam "SG PS Regensburg 1"]

1. c4 e5 2. g3 Nf6 3. Bg2 d5 4. cxd5 Nxd5 5. Nc3 Nb6 6. Nf3 Nc6 7. a3 Be6 8. b4 Be7 9. Rb1 f6 10. d3 O-O 11. O-O Re8 12. Ne4 Rb8 13. Qc2 Kh8 14. Nc5 Bxc5 15. Qxc5 Ba2 16. Ra1 Bd5 17. Be3 Qd7 18. a4 Ne7 19. Rfc1 c6 20. Bd2 Rbd8 21. Be1 Nbc8 22. Rd1 b6 23. Qc2 Qb7 24. e4 Bf7 25. d4 Ng6 26. Bc3 Nd6 27. h4 exd4 28. Nxd4 Qc7 29. Nxc6 Qxc6 30. e5 Qc7 31. exf6 Ne5 32. fxg7+ Kg8 33. Rac1 Qc4 34. Qd2 Ne4 35. Qxd8 Nxc3 36. Qxe8+ Bxe8 37. Bd5+ Qxd5 38. Rxd5 Nxd5 39. Rc8 Nf6 40. Rc7 a5 41. bxa5 bxa5 42. h5 h6 43. f4 Neg4 44. Ra7 Bxa4 45. Rxa5 Be8 46. Ra7 Bxh5 47. Kg2 Bf7 48. Kh3 Kxg7 49. Kh4 Kg6 50. Ra6 Bc4 51. Rb6 Bf1 52. Rc6 Ne3 53. Rxf6+ Kxf6 54. g4 Kg6 55. g5 h5 0-1

[Event "SG PS Regensburg 1-SC Groebenzell 1"]
[Site "?"]
[Date "2024.03.17"]
[Round "7.8"]
[White "Gruber, Roland"]
[Black "Seifert, Werner"]
[Result "1-0"]
[WhiteElo "2093"]
[BlackElo "1904"]
[PlyCount "95"]
[EventDate "2024.??.??"]
[WhiteTeam "SG PS Regensburg 1"]
[BlackTeam "SC Gröbenzell 1"]

1. Nf3 Nf6 2. g3 g6 3. b3 Bg7 4. Bb2 O-O 5. Bg2 d5 6. c4 c6 7. O-O Nbd7 8. Qc2 Re8 9. d4 Ne4 10. Ne5 Nxe5 11. dxe5 Bf5 12. Qc1 Qb6 13. Bxe4 Bxe4 14. Nd2 Bf5 15. Kg2 Red8 16. c5 Qc7 17. f4 Qd7 18. Re1 a5 19. a3 h5 20. Bd4 Qe6 21. Qc3 f6 22. Nf3 Be4 23. Kg1 Bxf3 24. exf3 f5 25. Kf2 Bh6 26. h4 Ra6 27. Rab1 Rda8 28. Rb2 Bg7 29. Ra1 Qd7 30. Kg2 e6 31. Rc2 Bf8 32. Qd3 Be7 33. g4 Kf7 34. Rg1 Rg8 35. Kf1 Raa8 36. Rcg2 Rae8 37. Qd2 Qc7 38. Qc2 Ra8 39. Qc3 Qd7 40. Rc2 Qc7 41. Qe3 Rae8 42. Qe1 Ra8 43. Rcg2 Rae8 44. Qg3 Qd8 45. gxh5 gxh5 46. Qg7+ Rxg7 47. Rxg7+ Kf8 48. Rg8+ 1-0

[Event "SK Tarrasch Muenchen 1-SC 1868 Bamberg 1"]
[Site "?"]
[Date "2024.03.17"]
[Round "7.2"]
[White "Meier, Volker"]
[Black "Pribyl, Josef"]
[Result "0-1"]
[WhiteElo "2190"]
[BlackElo "2206"]
[PlyCount "102"]
[EventDate "2024.??.??"]
[WhiteTeam "SK Tarrasch München 1"]
[BlackTeam "SC 1868 Bamberg 1"]

1. d4 Nf6 2. c4 g6 3. g3 Bg7 4. Bg2 d5 5. Nf3 O-O 6. O-O Nc6 7. cxd5 Nxd5 8. Nc3 Nb6 9. e3 Re8 10. b3 a5 11. Bb2 h6 12. Ne4 a4 13. Rc1 axb3 14. axb3 Ra2 15. Ba1 Nb4 16. Ne5 N6d5 17. Nc3 Rxa1 18. Rxa1 Nxc3 19. Qd2 Bxe5 20. Qxc3 Bd6 21. Ra8 c6 22. e4 e6 23. h4 Bf8 24. Ra4 Qb6 25. Rd1 Rd8 26. h5 gxh5 27. Bf3 Qb5 28. e5 Nd5 29. Qc2 Bd7 30. Bxh5 Be8 31. Bf3 Ne7 32. Kg2 Bg7 33. Re1 Nf5 34. Re4 Qb6 35. Qc3 Qc7 36. Rg4 Kh8 37. Ra7 Qb6 38. Ra4 Bf8 39. Qa5 Qxa5 40. Rxa5 Bb4 41. Ra7 Rb8 42. Be4 Bc3 43. Ra2 Nxd4 44. Rh4 Kg7 45. Rg4+ Kf8 46. Rh4 Nf5 47. Bxf5 exf5 48. Rxh6 Bxe5 49. Re2 Bg7 50. Rd6 c5 51. f4 Bc6+ 0-1

[Event "SK Tarrasch Muenchen 1-SC 1868 Bamberg 1"]
[Site "?"]
[Date "2024.03.17"]
[Round "7.3"]
[White "Hofmann, Lorenz"]
[Black "Reinhard, Simon"]
[Result "1-0"]
[WhiteElo "2138"]
[BlackElo "2102"]
[PlyCount "123"]
[EventDate "2024.??.??"]
[WhiteTeam "SC 1868 Bamberg 1"]
[BlackTeam "SK Tarrasch München 1"]

1. e4 c6 2. d4 d5 3. Nc3 dxe4 4. Bc4 Nf6 5. f3 exf3 6. Nxf3 Bf5 7. O-O e6 8. Ng5 Bg6 9. Bxe6 Be7 10. Bb3 O-O 11. Nf3 Nbd7 12. Bf4 Nb6 13. Bg3 a5 14. a3 a4 15. Ba2 Nbd5 16. Nxd5 Nxd5 17. Qd2 Nf6 18. Bh4 Ra5 19. Rae1 Rh5 20. Bxf6 Bxf6 21. c3 Qd6 22. g4 Ra5 23. g5 Bd8 24. Ne5 Ra8 25. Nxf7 Bxf7 26. Rxf7 Rxf7 27. Re8+ Qf8 28. Rxf8+ Kxf8 29. Bxf7 Kxf7 30. Qf4+ Kg6 31. Qf8 h6 32. gxh6 Kxh6 33. Kg2 Kh7 34. Kf3 Rb8 35. Qf4 Ra8 36. Qf7 Rb8 37. h4 Bb6 38. Kg4 Bd8 39. h5 Bf6 40. Qc7 Rd8 41. Qxb7 Rd5 42. Qxc6 Rg5+ 43. Kf3 Rf5+ 44. Ke4 Rxh5 45. Qxa4 Rh4+ 46. Kf3 g5 47. Qd7+ Kg6 48. b4 g4+ 49. Kf4 Bg5+ 50. Kg3 Bf6 51. Qc8 Kg5 52. Qc5+ Kg6 53. Qc6 Kh5 54. Qxf6 Rh3+ 55. Kg2 Rg3+ 56. Kf2 Rxc3 57. b5 g3+ 58. Kg1 Kg4 59. b6 Rc1+ 60. Qf1 Rc3 61. b7 Rxa3 62. b8=Q 1-0

[Event "SK Tarrasch Muenchen 1-SC 1868 Bamberg 1"]
[Site "?"]
[Date "2024.03.17"]
[Round "7.4"]
[White "Bolduan, Sebastian"]
[Black "Ploehn, Heiko"]
[Result "1/2-1/2"]
[WhiteElo "2156"]
[BlackElo "2118"]
[PlyCount "49"]
[EventDate "2024.??.??"]
[WhiteTeam "SK Tarrasch München 1"]
[BlackTeam "SC 1868 Bamberg 1"]

1. d4 c5 2. dxc5 Qa5+ 3. Nc3 Qxc5 4. e4 Nf6 5. a3 Nc6 6. Be3 Qa5 7. Bd3 d6 8. h3 g6 9. f4 Bg7 10. Nf3 Bd7 11. O-O O-O 12. Qd2 Rac8 13. Rad1 Qc7 14. Be2 Rfd8 15. g4 Be8 16. Kg2 a6 17. g5 Nd7 18. Nd5 Qb8 19. Nb6 Nxb6 20. Bxb6 Bxb2 21. Bxd8 Nxd8 22. Rb1 Bc3 23. Qe3 Qc7 24. Bd3 Qa5 25. Qc1 1/2-1/2

[Event "SK Tarrasch Muenchen 1-SC 1868 Bamberg 1"]
[Site "?"]
[Date "2024.03.17"]
[Round "7.5"]
[White "Mittag, Ralf"]
[Black "Koester, Roman"]
[Result "1-0"]
[WhiteElo "2113"]
[BlackElo "2045"]
[PlyCount "81"]
[EventDate "2024.??.??"]
[WhiteTeam "SC 1868 Bamberg 1"]
[BlackTeam "SK Tarrasch München 1"]

1. e4 e6 2. d3 d5 3. Nd2 c5 4. Ngf3 Nc6 5. g3 Nf6 6. Bg2 Be7 7. O-O b5 8. exd5 exd5 9. c4 bxc4 10. dxc4 O-O 11. cxd5 Nxd5 12. Nc4 Be6 13. Ne3 Rc8 14. Nxd5 Bxd5 15. Be3 Be6 16. Qa4 Qb6 17. Ng5 Bf5 18. Ne4 Qb4 19. Nxc5 Qxa4 20. Nxa4 Nb4 21. Bxa7 Rfd8 22. a3 Nd3 23. b4 Bf6 24. Rad1 Ra8 25. Bxa8 Rxa8 26. Nc5 Nb2 27. Bb6 Nxd1 28. Rxd1 Rxa3 29. Kg2 h5 30. h3 Ra2 31. Nd3 Be4+ 32. Kh2 Bf3 33. Re1 g5 34. Bc5 g4 35. Nf4 Bc3 36. Rf1 gxh3 37. Nxh3 Rb2 38. Rc1 Bxb4 39. Bd4 Rd2 40. Rc8+ Bf8 41. Bc5 1-0

[Event "SK Tarrasch Muenchen 1-SC 1868 Bamberg 1"]
[Site "?"]
[Date "2024.03.17"]
[Round "7.6"]
[White "Lipinsky, Markus"]
[Black "Wichmann, Adrian"]
[Result "1/2-1/2"]
[WhiteElo "1988"]
[BlackElo "2084"]
[PlyCount "48"]
[EventDate "2024.??.??"]
[WhiteTeam "SK Tarrasch München 1"]
[BlackTeam "SC 1868 Bamberg 1"]

1. d4 d5 2. c4 c6 3. Nc3 Nf6 4. e3 e6 5. Nf3 Nbd7 6. Bd3 dxc4 7. Bxc4 b5 8. Bd3 Bb7 9. O-O a6 10. a4 b4 11. Ne4 Nxe4 12. Bxe4 Nf6 13. Bd3 c5 14. dxc5 Bxc5 15. Qe2 O-O 16. e4 Nd7 17. Bf4 Qf6 18. Qd2 e5 19. Bg5 Qe6 20. Rac1 Rac8 21. Bc4 Qd6 22. Qe2 Qg6 23. Rfd1 Bd4 24. Nxd4 exd4 1/2-1/2

[Event "SK Tarrasch Muenchen 1-SC 1868 Bamberg 1"]
[Site "?"]
[Date "2024.03.17"]
[Round "7.7"]
[White "Roeber, Juergen"]
[Black "Pindado Campos, Raul"]
[Result "1/2-1/2"]
[WhiteElo "2098"]
[BlackElo "2114"]
[PlyCount "60"]
[EventDate "2024.??.??"]
[WhiteTeam "SC 1868 Bamberg 1"]
[BlackTeam "SK Tarrasch München 1"]

1. e4 c5 2. c3 Nf6 3. e5 Nd5 4. d4 cxd4 5. cxd4 Nc6 6. Bc4 e6 7. Nf3 Nb6 8. Bb3 d6 9. Qe2 dxe5 10. dxe5 Bb4+ 11. Bd2 Bxd2+ 12. Nbxd2 Nd4 13. Nxd4 Qxd4 14. Nc4 Nxc4 15. Bxc4 Bd7 16. Rd1 Qc5 17. O-O Rc8 18. Bd3 Bc6 19. Rfe1 g6 20. Qg4 O-O 21. h4 Rfd8 22. h5 Rd4 23. Qg5 Rcd8 24. hxg6 hxg6 25. Bxg6 fxg6 26. Qxg6+ Kf8 27. Qf6+ Ke8 28. Qxe6+ Qe7 29. Qg8+ Qf8 30. Qe6+ Qe7 1/2-1/2

[Event "SK Tarrasch Muenchen 1-SC 1868 Bamberg 1"]
[Site "?"]
[Date "2024.03.17"]
[Round "7.8"]
[White "Klenk, Robert"]
[Black "Riemer, Ralf"]
[Result "0-1"]
[WhiteElo "1977"]
[BlackElo "2048"]
[PlyCount "72"]
[EventDate "2024.??.??"]
[WhiteTeam "SK Tarrasch München 1"]
[BlackTeam "SC 1868 Bamberg 1"]

1. c4 Nf6 2. Nf3 e6 3. g3 d5 4. Bg2 c6 5. b3 Bd6 6. Bb2 O-O 7. O-O Qe7 8. d4 b6 9. Qc2 Bb7 10. Nc3 Nbd7 11. e4 Nxe4 12. Nxe4 dxe4 13. Qxe4 Nf6 14. Qe2 c5 15. Rad1 cxd4 16. Nxd4 Bxg2 17. Kxg2 Ba3 18. Bc3 Qb7+ 19. Qf3 Qxf3+ 20. Kxf3 a6 21. Nc2 Be7 22. Ne3 Rfc8 23. Be5 Rc6 24. g4 b5 25. g5 Ne8 26. h4 f6 27. Bf4 Bc5 28. Ng4 bxc4 29. bxc4 e5 30. Be3 Bd6 31. gxf6 h5 32. Nh2 Rxc4 33. fxg7 Rxh4 34. Rh1 Rc8 35. Kg2 Rc7 36. Kg3 Ra4 0-1

[Event "SC NT Nuernberg 1-SK Schwandorf 1"]
[Site "?"]
[Date "2024.03.17"]
[Round "7.2"]
[White "Milov, Leonid"]
[Black "Barth, Norbert"]
[Result "1-0"]
[WhiteElo "2427"]
[BlackElo "2221"]
[PlyCount "47"]
[EventDate "2024.??.??"]
[WhiteTeam "SC NT Nürnberg 1"]
[BlackTeam "SK Schwandorf 1"]

1. d4 d5 2. Nf3 e6 3. g3 Nf6 4. c4 Bb4+ 5. Bd2 a5 6. Bg2 O-O 7. O-O c5 8. Bg5 cxd4 9. cxd5 exd5 10. Nxd4 Nc6 11. a3 Be7 12. Nc3 Qb6 13. Be3 Qd8 14. h3 Re8 15. Ndb5 Be6 16. Na4 Nd7 17. Kh2 Nde5 18. Bb6 Qd7 19. Nc7 Rad8 20. Nxe8 Rxe8 21. b3 h5 22. f4 Ng6 23. e3 Bd6 24. Qxh5 1-0